फाळणी ते फाळणी / (Record no. 52103)

MARC details
000 -LEADER
fixed length control field 01085nam a22002417a 4500
005 - DATE AND TIME OF LATEST TRANSACTION
control field 20110429165957.0
008 - FIXED-LENGTH DATA ELEMENTS--GENERAL INFORMATION
fixed length control field 110429t xxu||||| |||| 00| 0 mar d
010 ## - LCCN (DPL NO)
LC control number MAR-20790
020 ## - INTERNATIONAL STANDARD BOOK NUMBER
Terms of availability 200.00
International Standard Book Number 9788174344649
035 ## - SYSTEM CONTROL NUMBER
System control number MR-13448
037 ## - SOURCE OF ACQUISITION
Source of stock number/acquisition DBAD / PUB
040 ## - CATALOGING SOURCE
Original cataloging agency DPL
Language of cataloging MR
082 ## - DEWEY DECIMAL CLASSIFICATION NUMBER
Classification number 954
100 ## - MAIN ENTRY--PERSONAL NAME
Personal name रानडे,प्रतिभा
9 (RLIN) 27525
245 ## - TITLE STATEMENT
Title फाळणी ते फाळणी /
Statement of responsibility, etc प्रतिभा रानडे : आनंद हर्डीकर द्वारा संपादित
246 ## - VARYING FORM OF TITLE
Title proper/short title Phalanee Te Phalanee
Remainder of title by Pratibha Ranade
260 ## - PUBLICATION, DISTRIBUTION, ETC. (IMPRINT)
Place of publication, distribution, etc पुणे
Name of publisher, distributor, etc राजहंस प्रकाशन
Date of publication, distribution, etc 2009
270 ## - ADDRESS
Address 1025,सदाशिव पेठ
City पुणे
300 ## - PHYSICAL DESCRIPTION
Extent अकरा,217पृ
Dimensions 21 सेमी (अजिल्द)
700 ## - ADDED ENTRY--PERSONAL NAME
9 (RLIN) 27590
Personal name हर्डीकर,आनंद
942 ## - ADDED ENTRY ELEMENTS (KOHA)
Source of classification or shelving scheme Dewey Decimal Classification
Item type Marathi Books
Call number suffix रानडे
Classification part 954
Holdings
Withdrawn status Lost status Source of classification or shelving scheme Damaged status Not for loan Collection code Home library Current library Date acquired Source of acquisition Cost, normal purchase price Total Checkouts Full call number Barcode Date last seen Copy number Cost, replacement price Koha item type
    Dewey Decimal Classification   Not For Loan Non-fiction D.B.Act.Division D.B.Act.Division 04/05/2011 DBAD / PUB 200.00   954 रानडे MR-13448 04/05/2011 1 200.00 Marathi Books

© Delhi Public Library
Hit Counter
free hit counter